| 000 | 01732cam a2200277 a 4500 | ||
|---|---|---|---|
| 001 | vtls002467460 | ||
| 003 | MY-SjTCS | ||
| 005 | 20200306154118.0 | ||
| 008 | 110218s2001 gw ac 00 0 eng | ||
| 020 | _a3822811629 | ||
| 039 | 9 |
_a201209181419 _bizani _c201102181741 _dVLOAD _y200407271940 _zVLOAD |
|
| 082 | 0 | 4 |
_a724.6 _bGOS |
| 100 | 1 |
_aGössel, Peter, _d1956- _936423 |
|
| 240 | 1 | 0 |
_aArchitektur des 20. Jahrhunderts. _lEnglish |
| 245 | 1 | 0 |
_aArchitecture in the twentieth century / _c[edited and designed by] Peter Gossel, Gabriele Leuthauser ; [English translation by Judith Vachon, Mark Atherton, Karen Williams] |
| 246 | 3 | _aArchitecture in the 20th century | |
| 260 |
_aKoln : _bTaschen, _cc2001. |
||
| 300 |
_a447 p. : _bill. (some col.), ports. ; _c27 cm. |
||
| 505 | 0 | _a1784-1916. - Prologue. - Of Iron Giants and Glass Virgins. - The Chicago School. - 1892-1925. - L'entree du siecle. - In the Far Landscape. - Circle and Square. - The Modern Factory. - Creative in Concrete. - 1912-1939. - The Return of Art. - Volumetric Experiments. - Housing Estates. - Machines for Living in . - The International Style. - New Deal. - 1944-1971. Case Studies. - Less is More. - Stonebound. - The Flying Roof. - Concrete Containers. - 1956-2000. - Learning From Las Vegas. - The Whites. - Work on Modernism. The Rational South. - Open Structures. - The Post-Modern City. - Bellevue. - Concrete Poems. - The New Pleasure in Materials. - The Curvature of Space. - Biographies. | |
| 650 | 0 |
_aArchitecture, Modern _y20th century. _910674 |
|
| 700 | 1 |
_aAtherton, Mark. _9207052 |
|
| 700 | 1 |
_aLeuthauser, Gabriele, _d1950- _9207053 |
|
| 700 | 1 |
_aVachon, Judith. _9207054 |
|
| 700 | 1 |
_aWilliams, Karen. _9207055 |
|
| 920 | _aSABD : 522817 | ||
| 999 | _c25224 | ||